[Event "COL-ch School U15"]
[Site "Bogota"]
[Date "2011.12.14"]
[Round "6.6"]
[White "Moreno Lozano, Esteban"]
[Black "Camacho Hincapie, Fabian Danilo"]
[Result "1-0"]
[WhiteElo "1632"]
[BlackElo "1321"]
[PlyCount "41"]
[EventDate "2011.12.12"]
[EventType "swiss"]
[EventRounds "7"]
[EventCountry "COL"]
[SourceTitle "EXT 2024"]
[Source "ChessBase"]
[SourceDate "2023.10.10"]
[SourceVersion "1"]
[SourceVersionDate "2023.10.10"]
[SourceQuality "1"]

1. e4 e5 2. Nf3 Nc6 3. d4 exd4 4. Bc4 Nf6 5. Nxd4 Nxd4 6. Qxd4 d6 7. Nc3 Bd7 8. Bg5 Qe7 9. 0-0-0 0-0-0 10. Qxa7 Bg4 11. Qa8+ Kd7 12. Bb5+ c6 13. Qxb7+ Ke8 14. Bxc6+ Rd7 15. Nd5 Qd8 16. f3 Be7 17. Nxf6+ Bxf6 18. Bxf6 gxf6 19. fxg4 Kf8 20. Qxd7 Qxd7 21. Bxd7 1-0